000 00471nab a2200145Ia 4500
003 ES-SlBCS
005 20210601130843.0
008 140529s1894 xxu||||| |||| 00| 0 fre d
041 _afre
100 1 _aBatiffol, Pierre
_916865
245 0 0 _aL'église naissante, introduction historique a l'étude du N. T.
_c Pierre Batiffol
630 0 4 _aNuevo Testamento-Iglesia
_9178084
773 0 _tRevue Biblique Internacionale
_gvol. 3, 1894, págs. 503-521
_wRev879
942 _cAR
999 _c553536
_d553536